Odd One Out - History - Statistics

General Stats
  • This quiz has been taken 111 times
  • The average score is 10 of 20
Answer Stats
Question Answer % Correct
Countries formerly of French Indochina Thailand
78%
Chinese dynasties Xian
78%
Democratic Party Presidents Dwight D. Eisenhower
67%
Axis leaders in World War II Francisco Franco
67%
Mesoamerican Civilizations Guaraní
67%
Battles lost by France during the Napoleonic Wars Austerlitz
56%
Italian Renaissance Artists Dante Alighieri
56%
African Dictators of the 20th century François Duvalier
56%
Pacific Territories formerly owned by the British Hawaii
56%
Roman Emperors Julius Caesar
56%
Founding Fathers of the United States Andrew Johnson
44%
South American Libertadores Antonio López de Santa Anna
44%
French Enlightenment thinkers Auguste Comte
44%
Mesopotamian Civilizations Hittites
44%
Members of the Holy Roman Empire Hungary
44%
Kings of the United Monarchy (of Israel and Judeah) Isaac
44%
Non-Aligned Movement founders Suharto
44%
"Great" Rulers Charles II of Spain
33%
Scientific Revolution thinkers Lord Kelvin
33%
Ancient Greek philosophers Sophocles
33%
No matching quizzes found
Score Distribution
Percent of People with Each Score
Percentile by Number Answered
Your Score History
You have not taken this quiz